| 000 | 00727nam a22002177i 4500 | ||
|---|---|---|---|
| 999 |
_c23266 _d23266 |
||
| 003 | AR-CdUCM | ||
| 008 | 250414b20232023 pe||||| |||| 00| 0 eng d | ||
| 040 |
_aMUNICIPALIDAD PROVINCIAL DEL CUSCO _cBIBLIOTECA MUNICIPAL DEL CUSCO |
||
| 041 | _hspa | ||
| 082 |
_aPI / 869.56 / G79 _bG79 |
||
| 100 |
_aGrecco, Hernán _951127 |
||
| 245 |
_aBúmeran al Universo : _bConoce la historia del universo en un cómic genial / |
||
| 260 |
_aLima : _bPlaneta Junior _c2023 |
||
| 300 |
_a47 páginas. : _bIlustraciones _c23x23 cm. |
||
| 650 |
_aInflación cósmica _951128 |
||
| 650 |
_aProtones _937832 |
||
| 700 |
_aMiguens, Andrés _951129 |
||
| 856 | _fwww.planetadelibros.com.pe | ||
| 942 |
_2ddc _cLIBROS |
||
| 945 |
_apbjr _d14-04-2025 |
||